5 Practice Tests for the VNU - EPT

Sách duÌ€ng cho những thí sinh chuẩn biÌ£ tham dưÌ£ kiÌ€ thi VNU-EPT. GôÌ€m 5 baÌ€i kiểm tra, giúp ngươÌ€i hoÌ£c ôn laÌ£i những điểm ngữ pháp vaÌ€ xây dưÌ£ng 4 kĩ năng nghe, nói, đoÌ£c, viết...

全面介紹

Đã lưu trong:
書目詳細資料
主要作者: VietNam National University - Ho Chi Minh City English Testing Center
其他作者: Đỗ, ThiÌ£ DiêÌ£u NgoÌ£c
格式: 圖書
語言:Undetermined
出版: TP. HCM VietNam National University - Ho Chi Minh City 2015
主題:
在線閱讀:http://lrc.tdmu.edu.vn/opac/search/detail.asp?aID=2&ID=24201
標簽: 添加標簽
沒有標簽, 成為第一個標記此記錄!
Thư viện lưu trữ: Trung tâm Học liệu Trường Đại học Thủ Dầu Một
LEADER 01142nam a2200217Ia 4500
001 TDMU_24201
008 210410s9999 xx 000 0 und d
082 |a 428 
090 |b V302 
100 |a VietNam National University - Ho Chi Minh City English Testing Center 
245 0 |a 5 Practice Tests for the VNU - EPT 
245 0 |c VietNam National University - Ho Chi Minh City English Testing Center 
260 |a TP. HCM 
260 |b VietNam National University - Ho Chi Minh City 
260 |c 2015 
300 |a 172p. 
520 |a Sách duÌ€ng cho những thí sinh chuẩn biÌ£ tham dưÌ£ kiÌ€ thi VNU-EPT. GôÌ€m 5 baÌ€i kiểm tra, giúp ngươÌ€i hoÌ£c ôn laÌ£i những điểm ngữ pháp vaÌ€ xây dưÌ£ng 4 kĩ năng nghe, nói, đoÌ£c, viết 
650 |a VNU-EPT test  |x Sách luyện thi ; LuyêÌ£n thi 
700 |a Đỗ, ThiÌ£ DiêÌ£u NgoÌ£c 
856 |u http://lrc.tdmu.edu.vn/opac/search/detail.asp?aID=2&ID=24201 
980 |a Trung tâm Học liệu Trường Đại học Thủ Dầu Một